Movies Quiz

Random Movies Quiz
Score 0/21 Timer 02:00
0 Plays Today
Hint Answer % Correct
Lost a tooth gets a tattoo gets breastsStu
100%
Gets a black-eye shaved head kills a giraffeAlan
77.8%
Clawed by tiger gets shot gets punched in facePhil
77.8%
Gets lost on roof gets kidnappedDoug
77.8%
Wrong DougBlack Doug
66.7%
Gets lost in and stuck in elevator cuts off finger while drunkTeddy
55.6%
Trapped in trunk dies from crack remained alive trying to escape from prisonLeslie Chow
44.4%
Girlfriend that acts like a bitchMelissa
44.4%
INTERPOL AgentKingsley
44.4%
The brideTracy
33.3%
Escort stripperJade
33.3%
Hint Answer % Correct
The brideLauren
33.3%
Tattoo artistTattoo Joe
33.3%
Escort stripper's son Tyler
22.2%
Owner of the strip clubSamir
22.2%
TransgenderKimmy
22.2%
Deals drugsDrug Dealing Monkey
11.1%
MobsterMarshall
11.1%
Mobster's limo driverHector
11.1%
Pawn shop ownerCassie
0%
0%

You're not logged in!

Compare scores with friends on all Sporcle quizzes.
OR
Log In

Sporcle TV

Today on Sporcle TV


Watch our educational content, quiz creation guides, and fun videos on Sporcle TV.

Show Comments

Extras

Created Sep 29, 2019ReportNominate
Tags:Hangover, trivia

Top Quizzes Today


Score Distribution

Paid Content

Your Account Isn't Verified!

In order to create a playlist on Sporcle, you need to verify the email address you used during registration. Go to your Sporcle Settings to finish the process.

Report this User

Report this user for behavior that violates our Community Guidelines.

Details: